Introduction to the quantum Yang-Baxter equation and quantum groups : an algebraic approach /

Guardado en:
Autor Principal: Lambe, Larry A.
Otros Autores: Radford, David E.
Formato: Libro
Idioma:English
Publicado: Dordrecht : Kluwer Academic Publishers, c1997.
Series:Mathematics and its applications (Kluwer Academic Publishers) ; v. 423.
Materias:
Etiquetas: Agregar Etiqueta
Sin Etiquetas, Sea el primero en etiquetar este registro!
LEADER 01032pam a2200277 a 4500
001 MAT.inmabb003492
008 970710s1997####ne#######b####001#0#eng##
005 20130314003843.0
245 1 0 |a Introduction to the quantum Yang-Baxter equation and quantum groups :  |b an algebraic approach /  |c by Larry A. Lambe and David E. Radford. 
260 |a Dordrecht :  |b Kluwer Academic Publishers,  |c c1997. 
300 |a xx, 293 p. ;  |c 25 cm. 
490 1 |a Mathematics and its applications ;  |v v. 423 
504 |a Incluye referencias bibliográficas (p. 281-288) e índice. 
510 4 |a MR,  |c 98k:16054 
020 |a 0792347218 
100 1 |a Lambe, Larry A. 
700 1 |a Radford, David E. 
830 0 |a Mathematics and its applications (Kluwer Academic Publishers) ;  |v v. 423. 
650 0 |a Yang-Baxter equation. 
650 0 |a Quantum groups. 
650 0 |a Hopf algebras. 
650 0 |a Mathematical physics. 
084 |a 16W30 (17B37 81R50)  |2 msc2000 
010 |a  97026710  
040 |a DLC  |c DLC  |d DLC 
859 |h 16  |i L221  |p A-7555  |b BIB. MATEMATICA